Billboard's 60 Sexiest Songs - Statistics

General Stats
  • This quiz has been taken 42 times
  • The average score is 14 of 60
Answer Stats
Hint Answer % Correct
8. Like a Virgin Madonna
64%
1. Physical Olivia Newton-John
62%
37. Sexual Healing Marvin Gaye
49%
5. Let's Get it On Marvin Gaye
46%
17. Promiscuous Nelly Furtado
46%
50. S and M Rihanna
44%
20. Candy Shop 50 Cent
41%
6. Hot Stuff Donna Summer
41%
3. I'll Make Love to You Boyz II Men
41%
41. Pillow Talk Sylvia
38%
56. Pillow Talk Zayn
38%
39. Pour Some Sugar on Me Def Leppard
38%
57. WAP Cardi B
38%
21. Afternoon Delight Starland Vocal Band
33%
38. Talk Dirty Jason Derulo
33%
11. Do Ya Think I'm Sexy Rod Stewart
31%
22. Senorita Shawn Mendes
31%
9. Sexy and I Know It LMAFO
31%
31. Leave the Door Open Silk Sonic
28%
23. Need You Tonight INXS
28%
2. Tonight's the Night Rod Stewart
28%
35. Lady Marmalade LaBelle
26%
54. She Bop Cyndi Lauper
26%
7. Do That To Me One More Time Captain and Tennille
23%
36. Love to Love You Baby Donna Summer
23%
33. Slow Hand Pointer Sisters
23%
48. Wild Thing Tone-Loc
23%
18. Ring My Bell Anita Bell
21%
27. Smack That Akon
21%
55. Urgent Foreigner
21%
58. 34 + 35 Ariana Grande
18%
14. Bad Girls Donna Summer
18%
13. Lollipop Lil Wayne
18%
45. Raspberry Beret Prince
18%
24. Shake You Down Gregory Abbott
18%
32. Work It Missy Elliott
18%
52. Bedrock Young Money
15%
15. I Want to Sex You Up Color Me Badd
15%
10. Kiss You All Over Exile
15%
28. Romantic Karyn White
15%
40. Unskinny Bop Poison
13%
16. You're Making Me High Toni Braxton
13%
30. All I Want to Do is Make Love to You Heart
10%
26. Do Me Bell Biv Devoe
10%
42 Feel Like Makin Love Roberta Flack
10%
51. Freak Like Me Adina Howard
10%
25. Freak Me Silk
10%
12. Honky Tonk Women Rolling Stones
10%
29. Love in This Club Usher
10%
49. Me and You Cassie
10%
44. Rub You the Right Way Johnny Gil
10%
43. Slow Motion Juvenile
10%
19. The First Night Monica
10%
4. Too Close Next
10%
46. Dim All the Lights Donna Summer
8%
60. Please Me Cardi B
8%
53. Sexy Can I Ray J and Yung Berg
8%
34. Slegehammer Peter Gabriel
8%
59. Way 2 Sexy Drake
8%
47. I Want You Sex George Michael
5%
No matching quizzes found
Score Distribution
Percent of People with Each Score
Percentile by Number Answered
Your Score History
You have not taken this quiz